El murciélago /

La versión que se presenta aquí fue grabada en Viena en 1950 y remasterizada en 2007.

I tiakina i:
Ngā taipitopito rārangi puna kōrero
Kaituhi matua: Strauss, Richard (música y libreto)
Ngā kaituhi rangatōpū: Wiener Staatsoper (Chor) (voz), Wiener Philharmoniker (ejecución musical)
Ētahi atu kaituhi: Haffner, Carl (libreto) (libreto), Genée, Richard (libreto) (libreto), Patzak, Julius (voz) (voz), Dermota, Anton (voz) (voz), Jaresch, August (voz) (voz), Poell, Alfred (voz) (voz), Preger, Kurt (voz) (voz), Güden, Hilde (voz) (voz), Lipp, Wilma (voz) (voz), Wagner, Sieglinde (voz) (voz), Krauss, Clemens (dir. musical) (dir. musical), Fraga, Fernando (texto del folleto) (texto del folleto), Matamoro, Blas (texto del folleto) (texto del folleto), Pérez, José Alberto (texto del folleto) (texto del folleto)
Hōputu: Ororongo
Reo:German
I whakaputaina: Madrid, España : Prisa Innova : Santillana, 2007, c2007
Rangatū:(Los Clásicos de la Opera, 400 Años)
Ngā marau:
Ngā Tūtohu: Tāpirihia he Tūtohu
Kāore He Tūtohu, Me noho koe te mea tuatahi ki te tūtohu i tēnei pūkete!

MARC

LEADER 00000njm^a2200000^a^4500
001 000298875
005 20250521000000.0
009 20260526135316.641
020 |a 978-9972-37-122-6 
020 |a 978-9972-37-099-1 
037 |a Acervo ITESO - Biblioteca 
041 |a SON 
041 |a ALE 
082 |a 782. 192  |b CLA V. 22 
100 |a Strauss, Richard  |e (música y libreto) 
240 1 4 |a [El murciélago, de Johann Strauss hijo] 
245 1 3 |a El murciélago /  |c Música de J. Strauss hijo ; libreto de K. Haffner, R. Genée ; tenor J. Patzak, A. Dermota, A. Jaresch ; barítono A. Poell, K. Preger ; soprano H. Güden, W. Lipp ; mezzosoprano S. Wagner ; voz de la Wiener Staatsoper (Chor) ; ejecución musical de la Wiener Philharmoniker ; dir. musical de C. Krauss ; texto del folleto de F. Fraga, B. Matamoro, J.A. Pérez ; tr. por Aitor Laiseca. 
264 4 |a Madrid, España :  |b Prisa Innova :  |b Santillana,  |c 2007, c2007 
300 |a 76 p. +  |e 2 discos compactos sonoros (36, 58 min.) 
336 |a música interpretada  |b prm  |2 rdacontenido 
337 |a audio  |b s  |2 rdamedio 
338 |a disco sonoro  |b sd  |2 rdasoporte 
440 5 |a (Los Clásicos de la Opera, 400 Años) 
500 |a Basado en: Le Réveillon, de Henri Meilhac y Ludovic Halévy 
520 |a La versión que se presenta aquí fue grabada en Viena en 1950 y remasterizada en 2007. 
546 |a Edición bilingüe español-alemán (folleto) 
649 |a XX 
650 |a Músicos Austríacos 
650 |a Artistas Austríacos 
650 |a Identidad Personal 
650 |a Venganza 
650 |a Opereta -  |z Austria 
650 |a Opera Cómica -  |z Austria 
650 |a Música para Representación -  |z Austria 
650 |a Música en el Teatro -  |z Austria 
650 |a Música Vocal -  |z Austria 
650 |a Música Romántica -  |z Austria 
650 |a Música de Concierto -  |z Austria 
650 |a Música Austríaca -  |y Siglo XIX 
650 |a Música y Literatura 
650 |a Teatro 
650 |a Artes Escénicas 
700 |a Haffner, Carl  |e (libreto) 
700 |a Genée, Richard  |e (libreto) 
700 |a Patzak, Julius  |e (voz) 
700 |a Dermota, Anton  |e (voz) 
700 |a Jaresch, August  |e (voz) 
700 |a Poell, Alfred  |e (voz) 
700 |a Preger, Kurt  |e (voz) 
700 |a Güden, Hilde  |e (voz) 
700 |a Lipp, Wilma  |e (voz) 
700 |a Wagner, Sieglinde  |e (voz) 
710 |a Wiener Staatsoper (Chor)  |e (voz) 
710 |a Wiener Philharmoniker  |e (ejecución musical) 
700 |a Krauss, Clemens  |e (dir. musical) 
700 |a Fraga, Fernando  |e (texto del folleto) 
700 |a Matamoro, Blas  |e (texto del folleto) 
700 |a Pérez, José Alberto  |e (texto del folleto) 
910 |a Fondo General 
920 |a Sonoros - CDs 
940 |a CDs de Música 
905 |a 401 
901 |a 0500184800  |b IT2  |c CDM  |i C123207  |u 20250521 
902 |a https://opac.biblio.iteso.mx/vufind/Record/000298875